Lanean...

KERALA SOCIETY AND POLITY IN THE SECOND HALF OF NINETEENTH CENTURY

Xehetasun bibliografikoak
Formatua: Printed Book
Gaiak:
Sarrera elektronikoa:http://10.26.1.76/ks/008422.pdf
LEADER 00337nam a2200097 4500
999 |c 184659  |d 184655 
245 |a KERALA SOCIETY AND POLITY IN THE SECOND HALF OF NINETEENTH CENTURY 
650 |a KERALA HISTORY   |9 160571 
856 |u http://10.26.1.76/ks/008422.pdf 
942 |c KS 
952 |0 0  |1 0  |4 0  |7 0  |9 183345  |a MGUL  |b MGUL  |d 2019-07-14  |l 0  |r 2019-07-14  |w 2019-07-14  |y KS